000 00408nam a2200169Ia 4500
008 230524s9999 xx 000 0 und d
082 _a621.382
_bSAT
100 _aM Satyam
245 0 _aFoundations of Electronic Devices
250 _a1ST
260 _aNEW DELHI
_bNew Age
_c2002
300 _aVII;579
500 _aQuantity Number: 2
650 _aElectronics
700 _a K.Ramkumar
942 _cBK
999 _c36840
_d36840